| 000 | 00359nam a2200145Ia 4500 | ||
|---|---|---|---|
| 008 | 230917s9999||||xx |||||||||||||| ||und|| | ||
| 040 |
_e83503 _aMAIN |
||
| 041 | _aEnglish | ||
| 082 | _a823.09 K513I | ||
| 100 | _aKettle, Arnold | ||
| 245 | 0 | _aIntroduction to the English novel, V1 | |
| 260 |
_aLondon _bHutchinson _c1976 |
||
| 300 | _a192 p. | ||
| 942 | _cBK | ||
| 999 |
_c156342 _d156342 |
||